Normal view
MARC view
Entry Término temático
001 - NÚMERO DE CONTROL
- campo de control: 10571
003 - IDENTIFICADOR DEL NÚMERO DE CONTROL
- campo de control: OSt
005 - FECHA Y HORA DE LA ÚLTIMA TRANSACCIÓN
- campo de control: 20200615032308.0
008 - DATOS DE LONGITUD FIJA
- campo de control de longitud fija: 200615|| aca||aabn | a|a d
040 ## - FUENTE DE LA CATALOGACIÓN
- Centro catalogador/agencia de origen: OSt
- Centro/agencia transcriptor: OSt
150 ## - ENCABEZAMIENTO--TÉRMINO DE MATERIA
- Término de materia o nombre geográfico como elemento de entrada: ESPAÑOL
- Subdivisión cronológica: PERÍODO CLÁSICO, 1500-1700
- Subdivisión general: CONGRESO
670 ## - FUENTE DE DATOS ENCONTRADOS
- Cita de la fuente: Work cat.: (OSt)3223: Curso sobre Lengua y Literatura en Aragón (2nd : 1991, Universidad de Zaragoza) 10569, II Curso sobre Lengua y Literatura en Aragón :, 1993.
